000 00867nam a2200265Ia 4500
003 OSt
005 20220927110420.0
006 a|||||r|||| 00| 0
007 ta
008 220926b |||||||| |||| 00| 0 eng d
024 _a101472
037 _cReports
040 _aRTL
_cRTL
_beng
041 _2eng
_aeng
082 _a"X9(KZ24).236.N5t4, J5"
110 _a"Punjab, Economic Inquiry (Board of...)"
245 0 _aUtilization of dead animals in the Punjab
260 _aChandigarh
_bGovernment Press India
_c1955
490 _a"Board of Economic Inquiry (Punjab), Publication. 31"
500 _a"Punjab, Economic and Statistical Organization"
650 _aAnimal Husbandry Industry
700 _a"Punjab, Economic Inquiry (Board of...)"
942 _h"X9(KZ24).236.N5t4, J5"
_cCC
999 _c696630
_d696630